Loreto College Library, Kolkata
WEBOPAC (ONLINE PUBLIC ACCESS CATALOGUE)

Objective Verbal & Non-verbal Reasoning (Record no. 44008)

MARC details
000 -LEADER
fixed length control field 00523nam a22001817a 4500
005 - DATE AND TIME OF LATEST TRANSACTION
control field 20250402141929.0
008 - FIXED-LENGTH DATA ELEMENTS--GENERAL INFORMATION
fixed length control field 250402b |||||||| |||| 00| 0 eng d
020 ## - ISBN | অাই এস বি এন
ISBN | অাই এস বি এন 9789357287258
PRICE Rs.599.00
040 ## - CATALOGING SOURCE
Original cataloging agency Loreto College
041 ## - LANGUAGE CODE
Language code English
082 ## - DDC | ডিউই
Classification number | বর্গসংখ্যা 153.94
Book Number | গ্রন্থাঙ্ক OBJ
245 ## - TITLE STATEMENT | অাখ্যা বিবরণী
Title | অাখ্যা Objective Verbal & Non-verbal Reasoning
260 ## - IMPRINT | প্রকাশনা ক্ষেত্র
Place of publication | প্রকাশ স্থান Agra
Name of publisher | প্রকাশকের নাম Oswaal
Date of publication | প্রকাশ কাল 2024
300 ## - PHYSICAL DESCRIPTION |
Page / Vol. No | পৃষ্ঠা / খন্ড সংখ্যা 344p.
Other physical details | অনান্য বাহ্যিক বিবরণ 27cm.
650 ## - SUBJECT ADDED ENTRY--TOPICAL TERM | বিষয় শিরোনাম - মূল বিষয়
Topical term | মূল বিষয় Competitive examination book
850 ## - HOLDING INSTITUTION
Holding institution LCLIB
942 ## - ADDED ENTRY ELEMENTS (KOHA)
Koha item type Books
Holdings
Withdrawn status Lost status Source of classification Damaged status Not for loan Home library Current library Shelving location Date acquired Price Total Checkouts Full call number Accession No. Date last seen Date checked out Price effective from Koha item type Coded location qualifier
    Dewey Decimal Classification     Loreto College Loreto College P.C.Chandra Gyandhara Prakalpo 02/04/2025 599.00 1 153.94 OBJ 54724 48164 02/07/2025 14/05/2025 02/04/2025 Books